Práca z domácnosti zamestnanca (home office)

Podmienky vykonávania práce z domácnosti, domáckej práce a telepráce. Práva a povinnosti zamestnanca a zamestnávateľa pri vykonávaní práce z domácnosti. Praktické príklady v tejto súvislosti.

Gespeichert in:
Bibliographische Detailangaben
1. Verfasser: Konečná Veverková, Ingrid
Format: Buchkapitel
Sprache:Slowakisch
Schlagworte:
Tags: Tag hinzufügen
Keine Tags, Fügen Sie das erste Tag hinzu!

MARC

LEADER 00000naa a2200000 4500
001 0277757
005 20210810084258.5
041 0 |a slo 
044 |a SK 
245 1 0 |a Práca z domácnosti zamestnanca (home office)  |c Ingrid Konečná Veverková 
520 |a Podmienky vykonávania práce z domácnosti, domáckej práce a telepráce. Práva a povinnosti zamestnanca a zamestnávateľa pri vykonávaní práce z domácnosti. Praktické príklady v tejto súvislosti. 
610 2 0 |a práca z domu 
610 2 0 |a zamestnanci 
610 2 0 |a zamestnávatelia 
610 2 0 |a legislatíva 
610 2 0 |a predpisy 
100 1 |a Konečná Veverková, Ingrid